Detalles MARC
| 000 -ENCABEZADO |
| Número de control [NR] |
02742nam a2200289Ia 4500 |
| 008 - DE LONGITUD FIJA DE DATOS DE ELEMENTOS - INFORMACIÓN GENERAL |
| Elementos de longitud fija [NR] |
130821s2005 xxua gs mul |
| 040 ## - FUENTE DE CATALOGACION [NR] |
| Agencia de catalogación original [NR] |
Co-BoUCM |
| Idioma de catalogación [NR] |
spa |
| 041 00 - CODIGO DE IDIOMA [R] |
| Código de idioma para texto/pista de sonido o título separado [R] |
|
| 092 ## - SIGNATURA TOPOGRAFICA LOCAL |
| Número de clasificación local |
DVD 0576 |
| 245 00 - MENCION DE TITULO [NR] |
| Título [NR] |
Gracias por fumar |
| Mención de responsabilidad, etc. [NR] |
[DVD] |
| -- |
[dirigida por] Jason Reitman |
| 260 ## - PUBLICACION, DISTRIBUCION, ETC. (PIE DE IMPRENTA) [R] |
| Lugar de publicación, distribución, etc. [R] |
Washington D.C. (Estados Unidos) |
| Nombre del editor, distribuidor, etc. [R] |
Fox Searchlight Pictures |
| Fecha de publicación, distribución, etc. [R] |
2005 |
| 300 ## - DESCRIPCION FISICA [R] |
| Extensión [R] |
1 DVD |
| Otros detalles físicos [NR] |
son., color |
| 500 ## - NOTA GENERAL [R] |
| Nota general [NR] |
Basada en la novela "Gracias por fumar", de Christopher Buckley. |
| 500 ## - NOTA GENERAL [R] |
| Nota general [NR] |
SINOPSIS : El héroe de "Gracias por fumar" es Nick Naylor (Aaron Eckhart), portavoz jefe de las grandes tabaqueras, que se gana la vida defendiendo los derechos de los fumadores y los fabricantes de tabaco en la cultura neopuritana tan en boga hoy en día. Enfrentándose a los fanáticos de la salud que desean prohibir el tabaco y a un oportunista senador (William H. Macy) que pretende poner etiquetas con la palabra veneno en las cajetillas de cigarrillos, Nick emprende una ofensiva de relaciones públicas, refutando los peligros de los cigarrillos en programas de televisión y contratando a un agente en Hollywood (Rob Lowe) para que promueva el hábito de fumar en las películas. La nueva notoriedad de Nick llama la atención tanto del mandamás de la industria tabaquera (Robert Duvall) como de una reportera de investigación de un influyente diario (Katie Holmes). Nick dice que sólo está haciendo lo que debe para pagar la hipoteca, pero la creciente conciencia de su hijo (Cameron Bright) y una amenaza de muerte muy real podrían obligarle a ver las cosas de forma diferente. |
| 508 ## - NOTA DE CREDITOS DE CREACION/PRODUCCION [R] |
| Nota de créditos de creación/producción [NR] |
Dirección: Jason Reitman ; guión : Jason Reitman (basado en la novela de Christopher Buckley) ; producción : David O. Sacks ; música : Rolfe Kent ; fotografía : James Whitaker ; montaje : Dana E. Glauberman ; diseño de producción : Steve Saklad. |
| 511 ## - NOTA DE PARTICIPANTE O INTERPRETE [R] |
| Nota de participante o intérprete [NR] |
Interpretación: Aaron Eckhart (Nick Naylor), Maria Bello (Polly Bailey), Cameron Bright (Joey Naylor), Adam Brody (Jack Bein), Sam Elliott (Lorne Lutch), Katie Holmes (Heather Holloway), David Koechner (Bobby Jay Bliss), Rob Lowe (Jeff Megall), William H. Macy (Senador Finistirre), J.K. Simmons (B.R.), Robert Duvall (Doak Boykin). |
| 546 ## - NOTA DE IDIOMA [R] |
| Nota de idioma [NR] |
Audio en Español e Inglés. Subtítulos en Español e Inglés. |
| 650 04 - ASIENTO SECUNDARIO DE MATERIA - TERMINO TEMATICO [R] |
| Término temático o nombre geográfico como elemento de entrada [NR] |
Comedia |
| Subdivisión de forma [R] |
DVD |
| 9 (RLIN) |
11176 |
| 650 04 - ASIENTO SECUNDARIO DE MATERIA - TERMINO TEMATICO [R] |
| Término temático o nombre geográfico como elemento de entrada [NR] |
Entretenimiento |
| 9 (RLIN) |
26487 |
| 650 04 - ASIENTO SECUNDARIO DE MATERIA - TERMINO TEMATICO [R] |
| Término temático o nombre geográfico como elemento de entrada [NR] |
Películas cinematográficas |
| Subdivisión geográfica [R] |
Estados Unidos |
| Subdivisión de forma [R] |
DVD |
| 9 (RLIN) |
7903 |
| 700 1# - ASIENTO SECUNDARIO - NOMBRE PERSONAL [R] |
| Nombre personal [NR] |
Reitman, Jason |
| Fechas asociadas con el nombre [NR] |
1977- |
| Término de relación [R] |
|
| 700 1# - ASIENTO SECUNDARIO - NOMBRE PERSONAL [R] |
| Nombre personal [NR] |
Taylor Buckley, Christopher |
| Fechas asociadas con el nombre [NR] |
1952- |
| 710 2# - ASIENTO SECUNDARIO - NOMBRE CORPORATIVO [R] |
| Nombre corporativo o de jurisdicción como elemento de entrada [NR] |
Fox Searchlight Pictures |
| 765 ## - ASIENTO DE IDIOMA ORIGINAL [R] |
| Título [NR] |
Thank you for smoking |
| 856 04 - LOCALIZACION Y ACCESO ELECTRONICOS [R] |
| Identificador Uniforme del Recurso (“URI”) [R] |
<a href="http://www.youtube.com/watch?v=FKu-V_dU94g">http://www.youtube.com/watch?v=FKu-V_dU94g</a> |
| Nota dirigida al público [R] |
Siga este vínculo para ver el trailer. |
| 942 ## - ELEMENTOS DE ENTRADA AGREGADOS (KOHA) |
| Tipo de ítem principal el descrito en 300a |
Multimedia |
| Sistema de clasificación |
LOCAL |
| Tema principal |
Entretenimiento |
| Edición |
1 |